000 00530nam a2200193Ia 4500
003 GCL
008 140319s9999 xx 000 0 ara d
040 _aGCL /
_cGCL
082 0 4 _a812.009
_bن ا
100 1 _aنبيل بدران
245 1 0 _aاحلام مسرحيةعربية /
_cنبيل بدران
300 _a116
490 _a100 قصة
_v0
650 0 4 _aالمسرح
650 0 4 _aتاريخ ونقد
650 0 4 _aالمسرحيات العربية
650 0 4 _aالمؤلفون والمسرح
942 _2ddc
_cBK
999 _c43571
_d43571